000 01429nam a22003497a 4500
003 CHAP
005 20220329143916.0
008 090812s2012 mx r 00010 spa d
010 _a103583
011 _a104555
035 _a115245
040 _cCHAP
090 _aTesis
100 1 _aRobles García, Néstor Heraclio.
_998074
245 1 0 _aDeterminación de zonas prioritarias para la conservación y mantenimiento de servicios ambientales como base del ordenamiento ecológico
_h[En línea]
_c/por Néstor Heraclio Robles García
260 _aChapingo, Méx. :
_bEl autor,
_c2012
500 _aPara ver el contenido del material haga clic en la liga
502 _aTesis (Ing. en Recursos Naturales Renovables)-- UACH. Departamento de Suelos
590 _aALEPH
_b10
_c20130110
_lUCH01
_h1545
590 _aBATCH-UPD
_b10
_c20130110
_lUCH01
_h1200
590 _aBATCH-UPD
_b10
_c20130410
_lUCH01
_h0742
590 _aBATCH-UPD
_b10
_c20130914
_lUCH01
_h1809
590 _aBATCH-UPD
_b10
_c20140324
_lUCH01
_h1532
590 _aBATCH-UPD
_b10
_c20141002
_lUCH01
_h0854
590 _aCONVERSION
_b10
_c20130109
_lUCH01
_h1357
650 0 4 _aMedio ambiente
_xConservación.
_974068
856 _3Finding aid
_uhttp://10.13.5.2/tesis/115245.pdf
_zTeclea aqui
901 _aBK
942 _cFOLL
949 _aTesis
_bBC
_cTES
_d33724002345248
_eTS1
_h53634
_i115245
_st
949 _aTesis
_bBC
_cTES
_d33724002345280
_eTS2
_fc.2
_h53635
_i115245
_st
999 _c103583
_d103583